[Event "Bayern-ch Seniors 24nd"]
[Site "Bergen"]
[Date "2012.06.20"]
[Round "5"]
[White "Roth, Karlheinz"]
[Black "Schuster, Herbert"]
[Result "1-0"]
[WhiteElo "1539"]
[BlackElo "1638"]
[PlyCount "81"]
[EventDate "2012.06.16"]
[EventType "swiss"]
[EventRounds "9"]
[EventCountry "GER"]
[SourceTitle "EXT 2015"]
[Source "ChessBase"]
[SourceDate "2014.11.20"]
[SourceVersion "1"]
[SourceVersionDate "2014.11.20"]
[SourceQuality "1"]

1. Nf3 d5 2. b3 Nf6 3. Bb2 h6 4. e3 Bg4 5. Be2 Nbd7 6. d3 Bxf3 7. Bxf3 e5 8. Nd2 Bd6 9. 0-0 0-0 10. c4 c6 11. a3 Re8 12. Qc2 Rc8 13. b4 Bb8 14. Rac1 Qc7 15. g3 Qb6 16. Qb3 e4 17. dxe4 dxe4 18. Bg2 c5 19. Bh3 Rcd8 20. Rfd1 Be5 21. Bxe5 Nxe5 22. Bg2 Nd3 23. Rb1 cxb4 24. axb4 Ng4 25. Nxe4 Nge5 26. c5 Qg6 27. Nd6 Nxf2 28. Kxf2 Ng4+ 29. Kg1 Re7 30. e4 Qf6 31. Qf3 Ne5 32. Qxf6 gxf6 33. Nf5 Red7 34. Rxd7 Rxd7 35. Nxh6+ Kf8 36. Nf5 Rd2 37. h3 Kg8 38. Ne7+ Kg7 39. Nd5 b6 40. cxb6 axb6 41. Rf1 1-0

[Event "Bad Wiessee Seniors op"]
[Site "Bad Wiessee"]
[Date "2012.04.22"]
[Round "2"]
[White "Forgach, Andreas"]
[Black "Roth, Karlheinz"]
[Result "1-0"]
[WhiteElo "1844"]
[BlackElo "1566"]
[PlyCount "35"]
[EventDate "2012.04.21"]
[EventType "swiss"]
[EventRounds "9"]
[EventCountry "GER"]
[SourceTitle "EXT 2015"]
[Source "ChessBase"]
[SourceDate "2014.11.20"]
[SourceVersion "1"]
[SourceVersionDate "2014.11.20"]
[SourceQuality "1"]

1. e4 c6 2. d4 d5 3. e5 Bf5 4. Nf3 e6 5. Be2 Nd7 6. 0-0 c5 7. Nc3 cxd4 8. Nxd4 Bg6 9. f4 Bc5 10. Kh1 Bxd4 11. Qxd4 Bxc2 12. Nb5 Qb6 13. Qxb6 Nxb6 14. Nc7+ Ke7 15. Nxa8 Nxa8 16. Be3 b6 17. Rac1 Ba4 18. Rc8 1-0

[Event "Bayern-ch Seniors 23rd"]
[Site "Bergen"]
[Date "2011.06.03"]
[Round "7"]
[White "Roth, Karlheinz"]
[Black "Harke, Horst"]
[Result "0-1"]
[WhiteElo "1605"]
[BlackElo "1749"]
[PlyCount "102"]
[EventDate "2011.05.28"]
[EventType "swiss"]
[EventRounds "9"]
[EventCountry "GER"]
[SourceTitle "EXT 2012"]
[Source "ChessBase"]
[SourceDate "2011.11.24"]
[SourceVersion "1"]
[SourceVersionDate "2011.11.24"]
[SourceQuality "1"]

1. Nf3 Nf6 2. b3 g6 3. Bb2 Bg7 4. c4 0-0 5. e3 d5 6. d4 c6 7. Be2 Na6 8. 0-0 Nc7 9. Nc3 dxc4 10. bxc4 Bg4 11. h3 Bc8 12. Rb1 Bf5 13. Bd3 Bxd3 14. Qxd3 Re8 15. Rfd1 Na6 16. Ba3 Qc7 17. Na4 Rad8 18. Qb3 b6 19. Nc3 Nb8 20. d5 Nfd7 21. d6 exd6 22. Bxd6 Qc8 23. Qa3 a6 24. Qb3 Nf6 25. Bf4 Rxd1+ 26. Rxd1 Qb7 27. c5 b5 28. Bd6 b4 29. a3 a5 30. axb4 axb4 31. Rb1 Na6 32. Na2 Nd5 33. Qc4 f5 34. Nd2 Bf8 35. Nxb4 Naxb4 36. e4 fxe4 37. Nxe4 Re6 38. Bxf8 Kxf8 39. Nd6 Qe7 40. Rxb4 Nxb4 41. Qxb4 Re1+ 42. Kh2 Qe5+ 43. g3 Kg7 44. Qb8 Re2 45. Qc7+ Qe7 46. Ne8+ Kf8 47. Qf4+ Kxe8 48. Qb8+ Kf7 49. Qf4+ Kg7 50. Qd4+ Kh6 51. h4 Qe5 0-1

[Event "Bayern-ch Seniors 23rd"]
[Site "Bergen"]
[Date "2011.06.01"]
[Round "5"]
[White "Roth, Karlheinz"]
[Black "Walther, Margareta"]
[Result "1-0"]
[WhiteElo "1605"]
[BlackElo "1376"]
[PlyCount "77"]
[EventDate "2011.05.28"]
[EventType "swiss"]
[EventRounds "9"]
[EventCountry "GER"]
[SourceTitle "EXT 2012"]
[Source "ChessBase"]
[SourceDate "2011.11.24"]
[SourceVersion "1"]
[SourceVersionDate "2011.11.24"]
[SourceQuality "1"]

1. Nf3 c5 2. c4 Nc6 3. b3 d6 4. Bb2 Nf6 5. g3 e6 6. Bg2 Be7 7. Nc3 a6 8. 0-0 0-0 9. e3 Bd7 10. d4 cxd4 11. exd4 Qc7 12. Rc1 Rac8 13. Re1 h6 14. d5 Ne5 15. Nxe5 dxe5 16. Qf3 Bd6 17. dxe6 fxe6 18. Qxb7 Bc6 19. Qxc7 Rxc7 20. Bh3 Re7 21. Bg2 Bd7 22. Ne4 Nxe4 23. Bxe4 Bc5 24. Re2 Ref7 25. Rcc2 Bd4 26. Kg2 Rf6 27. Ba3 R8f7 28. Bb4 h5 29. h4 g6 30. c5 Bb5 31. Red2 Rg7 32. a4 Be8 33. c6 Bb6 34. Bd6 Bc7 35. Bxc7 Rxc7 36. Rd8 Kf8 37. Ra8 Ke7 38. Rxa6 Rf7 39. Ra8 1-0

[Event "Bayern-ch Seniors 22nd"]
[Site "Bergen"]
[Date "2010.06.12"]
[Round "1"]
[White "Roth, Karlheinz"]
[Black "Krafzik, Joachim"]
[Result "1/2-1/2"]
[WhiteElo "1573"]
[BlackElo "1812"]
[PlyCount "86"]
[EventDate "2010.06.12"]
[EventType "swiss"]
[EventRounds "9"]
[EventCountry "GER"]
[SourceTitle "EXT 2011"]
[Source "ChessBase"]
[SourceDate "2010.11.26"]
[SourceVersion "1"]
[SourceVersionDate "2010.11.26"]
[SourceQuality "1"]

1. Nf3 f5 2. b3 e6 3. Bb2 Nf6 4. c4 b6 5. Nc3 Bb7 6. e3 Be7 7. g3 0-0 8. Bg2 Ne4 9. 0-0 Bf6 10. d4 Nxc3 11. Bxc3 d6 12. Rc1 Nd7 13. Nd2 Bxg2 14. Kxg2 e5 15. dxe5 Bxe5 16. Bxe5 Nxe5 17. Nf3 Nxf3 18. Qd5+ Kh8 19. Qxf3 Qe7 20. Rfd1 Rae8 21. Rd4 a5 22. Rcd1 g6 23. h4 Qg7 24. R1d2 Re7 25. Qf4 h6 26. Qf3 Qf7 27. Qf4 Qg7 28. Qf3 Qf6 29. Qf4 Rh7 30. Rd5 Kg8 31. R2d4 g5 32. Qf3 Qg6 33. h5 Qe6 34. g4 fxg4 35. Qxg4 Qf6 36. Rf4 Qe7 37. Rxf8+ Qxf8 38. Qe6+ Qf7 39. Qg4 Qe8 40. Rf5 Qd7 41. Qe4 Re7 42. Qd5+ Qe6 43. Qxe6+ Rxe6 1/2-1/2

[Event "Bayern-ch Seniors 20th"]
[Site "Bergen"]
[Date "2008.06.13"]
[Round "7.14"]
[White "Fischer, Ernst"]
[Black "Roth, Karlheinz"]
[Result "1-0"]
[WhiteElo "1932"]
[BlackElo "1633"]
[PlyCount "53"]
[EventDate "2008.06.07"]
[EventType "swiss"]
[EventRounds "9"]
[EventCountry "GER"]
[SourceTitle "EXT 2022"]
[Source "ChessBase"]
[SourceDate "2021.10.06"]
[SourceVersion "1"]
[SourceVersionDate "2021.10.06"]
[SourceQuality "1"]

1. d4 c6 2. e4 d5 3. e5 Bf5 4. h4 h6 5. g4 Bh7 6. e6 fxe6 7. Bd3 Nf6 8. Bxh7 Rxh7 9. Qd3 Kd7 10. Nf3 Kc8 11. Bf4 Rh8 12. Ne5 Qe8 13. Nd2 Nbd7 14. Ndf3 Rg8 15. h5 Ne4 16. Nxd7 Qxd7 17. Ne5 Qe8 18. f3 Nd6 19. Qh7 Rh8 20. Qxh8 Nf7 21. Qh7 Nxe5 22. Bxe5 Qf7 23. f4 Kd7 24. Qg6 Ke8 25. g5 Qxg6 26. hxg6 hxg5 27. fxg5 1-0

[Event "Bayern-ch Seniors 20th"]
[Site "Bergen"]
[Date "2008.06.10"]
[Round "4.15"]
[White "Roth, Karlheinz"]
[Black "Beck, Gerhard"]
[Result "1-0"]
[WhiteElo "1633"]
[BlackElo "1892"]
[PlyCount "70"]
[EventDate "2008.06.07"]
[EventType "swiss"]
[EventRounds "9"]
[EventCountry "GER"]
[SourceTitle "EXT 2022"]
[Source "ChessBase"]
[SourceDate "2021.10.06"]
[SourceVersion "1"]
[SourceVersionDate "2021.10.06"]
[SourceQuality "1"]

1. Nf3 Nf6 2. b3 d6 3. Bb2 e5 4. d3 Be7 5. c4 Bg4 6. e3 Nc6 7. Be2 Qd7 8. Nc3 0-0 9. d4 exd4 10. Nxd4 Bxe2 11. Ncxe2 Ne5 12. 0-0 c6 13. Ng3 Rfd8 14. Ndf5 g6 15. Nxe7+ Qxe7 16. Qd4 b5 17. c5 Ned7 18. cxd6 Qe6 19. Rad1 c5 20. Qf4 Ne8 21. Qh6 f6 22. Qf4 g5 23. Qf3 Nxd6 24. Qc6 Ne5 25. Qxc5 a6 26. Ba3 Ndf7 27. Qc2 Rac8 28. Rxd8+ Nxd8 29. Qe4 Ng6 30. Rd1 Qf7 31. Nf5 Kh8 32. Nd6 Qd7 33. Qd5 Rb8 34. Bb2 Qe7 35. Qxg5 Ne5 1-0

[Event "Bayern-ch Seniors 20th"]
[Site "Bergen"]
[Date "2008.06.07"]
[Round "1.27"]
[White "Aigner, Georg"]
[Black "Roth, Karlheinz"]
[Result "0-1"]
[WhiteElo "1799"]
[BlackElo "1633"]
[PlyCount "80"]
[EventDate "2008.06.07"]
[EventType "swiss"]
[EventRounds "9"]
[EventCountry "GER"]
[SourceTitle "EXT 2022"]
[Source "ChessBase"]
[SourceDate "2021.10.06"]
[SourceVersion "1"]
[SourceVersionDate "2021.10.06"]
[SourceQuality "1"]

1. e4 c6 2. d4 d5 3. Nc3 dxe4 4. Nxe4 Bf5 5. Ng3 Bg6 6. Nf3 e6 7. Ne5 Ne7 8. Be2 Nd7 9. Nxg6 Nxg6 10. 0-0 Bd6 11. Ne4 Qc7 12. Nxd6+ Qxd6 13. Be3 Nf6 14. Bd3 Nd5 15. Qf3 Nxe3 16. fxe3 0-0 17. Rad1 Rad8 18. c4 Qe7 19. Qe2 Qg5 20. Rf3 Qh5 21. Qf1 Qa5 22. a3 e5 23. Rf5 Qc7 24. Bc2 exd4 25. exd4 Qb6 26. Qd3 Rd7 27. c5 Qd8 28. Bb3 Qh4 29. d5 cxd5 30. g3 Qe7 31. Rxd5 Rxd5 32. Qxd5 Qe3+ 33. Kf1 Ne5 34. Bc2 Ng4 35. Rd2 Re8 36. Kg2 Qh6 37. Qd7 Qxh2+ 38. Kf3 Ne5+ 39. Kf4 Qh6+ 40. Kf5 Qf6+ 0-1

[Event "Chiemgau Seniors Cup 3th"]
[Site "Bergen"]
[Date "2007.10.25"]
[Round "4"]
[White "Roth, Karlheinz"]
[Black "Schuster, Herbert"]
[Result "0-1"]
[WhiteElo "1577"]
[BlackElo "1718"]
[PlyCount "94"]
[EventDate "2007.10.22"]
[EventType "swiss"]
[EventRounds "9"]
[EventCountry "GER"]
[SourceTitle "EXT 2008"]
[Source "ChessBase"]
[SourceDate "2007.11.25"]
[SourceVersion "1"]
[SourceVersionDate "2007.11.25"]
[SourceQuality "1"]

1. d4 d5 2. c4 c6 3. Nf3 h6 4. Nc3 Bf5 5. cxd5 cxd5 6. Qa4+ Bd7 7. Qc2 e6 8. Bf4 Nc6 9. a3 Qa5 10. Rc1 Be7 11. e3 a6 12. Bd3 Nf6 13. 0-0 Rc8 14. Qe2 Nh5 15. Be5 0-0 16. h3 Nf6 17. Bb1 Nxe5 18. dxe5 Ne4 19. Bxe4 dxe4 20. Nd4 Qxe5 21. Rfd1 Rfd8 22. Qg4 f5 23. Qg6 Bf6 24. Qh5 Be8 25. Qe2 f4 26. exf4 Qxf4 27. Nxe6 Rxd1+ 28. Rxd1 Qf5 29. Qxe4 Qxe4 30. Nxe4 Bxb2 31. Rb1 Rc1+ 32. Rxc1 Bxc1 33. N4c5 Bc6 34. Nd8 Bxa3 35. Ncxb7 Bd5 36. Kf1 Be7 37. Ke2 Bxd8 38. Nxd8 Kf8 39. g3 Ke7 40. Ke3 Kxd8 41. Kd4 Bf3 42. h4 Ke7 43. Ke3 Bc6 44. f4 Ke6 45. g4 a5 46. Kd4 a4 47. Kc5 a3 0-1

[Event "Chiemgau Seniors Cup 1st"]
[Site "Bergen"]
[Date "2005.10.12"]
[Round "2"]
[White "Roth, Karlheinz"]
[Black "Krafzik, Joachim"]
[Result "1/2-1/2"]
[WhiteElo "1612"]
[BlackElo "2064"]
[PlyCount "53"]
[EventDate "2005.10.11"]
[EventType "swiss"]
[EventRounds "9"]
[EventCountry "GER"]
[SourceTitle "EXT 2007"]
[Source "ChessBase"]
[SourceDate "2006.11.23"]
[SourceVersion "1"]
[SourceVersionDate "2006.11.23"]
[SourceQuality "1"]

1. d4 e6 2. c4 f5 3. Nf3 Nf6 4. Bg5 b6 5. Nc3 Bb7 6. d5 Be7 7. dxe6 dxe6 8. Qxd8+ Bxd8 9. Ne5 Nc6 10. Nxc6 Bxc6 11. f3 e5 12. 0-0-0 0-0 13. Bxf6 Bxf6 14. Nd5 Bxd5 15. Rxd5 Bg5+ 16. Kc2 Be3 17. Rd3 f4 18. g4 Rfd8 19. g5 Rd6 20. Bh3 Bd4 21. Bf5 Kh8 22. Be4 a5 23. h4 b5 24. a3 Ra7 25. Kb3 Be3 26. h5 Kg8 27. Rhd1 1/2-1/2

[Event "Bayern-ch Seniors 15th"]
[Site "Schloss Schney"]
[Date "2003.06.19"]
[Round "7.13"]
[White "Roth, Karlheinz"]
[Black "Petzenhauser, Isfried"]
[Result "1/2-1/2"]
[WhiteElo "1674"]
[BlackElo "1816"]
[PlyCount "65"]
[EventDate "2003.06.13"]
[EventType "swiss"]
[EventRounds "9"]
[EventCountry "GER"]
[SourceTitle "EXT 2004"]
[Source "ChessBase"]
[SourceDate "2003.11.25"]
[SourceVersion "1"]
[SourceVersionDate "2003.11.25"]
[SourceQuality "1"]

1. Nf3 d6 2. d4 Bg4 3. e3 g6 4. Be2 Bg7 5. h3 Bf5 6. c4 Nf6 7. Nc3 Nbd7 8. 0-0 e5 9. dxe5 dxe5 10. Qb3 0-0 11. Rd1 Qe7 12. Nd5 Nxd5 13. cxd5 Nb6 14. Bd2 e4 15. Ne1 Rfd8 16. g4 Bd7 17. Bc3 Ba4 18. Qb4 Qxb4 19. Bxb4 Bxd1 20. Rxd1 Rxd5 21. Rc1 c6 22. b3 Rad8 23. Kf1 Bf6 24. Ng2 g5 25. Ne1 R8d7 26. Rc2 a5 27. Bc5 Nc8 28. Rc4 Ne7 29. Nc2 b5 30. Bxe7 bxc4 31. Bxf6 cxb3 32. axb3 h6 33. Bc3 1/2-1/2

[Event "Wuerttemberg-ch Seniors 15th"]
[Site "Ellwangen"]
[Date "2003.04.17"]
[Round "7"]
[White "Roth, Karlheinz"]
[Black "Simon, Eberhard"]
[Result "0-1"]
[WhiteElo "1619"]
[BlackElo "1817"]
[PlyCount "140"]
[EventDate "2003.04.??"]
[EventType "swiss"]
[EventRounds "9"]
[EventCountry "GER"]
[SourceTitle "EXT 2006"]
[Source "ChessBase"]
[SourceDate "2005.11.24"]
[SourceVersion "1"]
[SourceVersionDate "2005.11.24"]
[SourceQuality "1"]

1. d4 Nf6 2. c4 e5 3. d5 Bc5 4. e3 d6 5. Nc3 0-0 6. Bd3 Re8 7. Nge2 a5 8. Ng3 Na6 9. a3 Ba7 10. 0-0 Bg4 11. f3 Bd7 12. Kh1 c6 13. e4 cxd5 14. exd5 Bd4 15. Nge4 Nxe4 16. Nxe4 Qe7 17. Rb1 Nc5 18. Be2 b5 19. b3 Rec8 20. Qc2 Rab8 21. Bd2 a4 22. Nxc5 Bxc5 23. b4 Bd4 24. Bd3 bxc4 25. Bxc4 Rxc4 26. Qxc4 Bb5 27. Qc2 Bxf1 28. Rxf1 Qb7 29. Rc1 h6 30. Qc6 Bb2 31. Rc4 Bxa3 32. Qxd6 Bb2 33. Rc7 Qb5 34. h3 a3 35. Ra7 Bd4 36. Qa6 Bxa7 37. Qxa7 Qf1+ 38. Kh2 Qb5 39. Qxa3 Qxd5 40. Be3 e4 41. Bc5 Ra8 42. Qe3 exf3 43. Qxf3 Qxf3 44. gxf3 Rb8 45. Kg3 f5 46. Kf4 g6 47. h4 Kf7 48. h5 gxh5 49. Kxf5 Rd8 50. Kf4 Ke6 51. Ke4 h4 52. f4 h3 53. Kf3 Rd3+ 54. Ke4 h2 55. f5+ Kf6 56. Kxd3 h1Q 57. Kc4 Qf1+ 58. Kd5 Qxf5+ 59. Kc6 Qc8+ 60. Kb5 Qb7+ 61. Kc4 Ke6 62. Kc3 Qb5 63. Kd4 h5 64. Ke3 Qc4 65. Kf3 Kf5 66. Kf2 Qd3 67. Be3 Ke4 68. Bc5 Qd2+ 69. Kf1 Kf3 70. b5 Qe2+ 0-1

[Event "Wuerttemberg-ch Seniors 15th"]
[Site "Ellwangen"]
[Date "2003.04.15"]
[Round "5"]
[White "Roth, Karlheinz"]
[Black "Kahn, Peter"]
[Result "0-1"]
[WhiteElo "1619"]
[BlackElo "1933"]
[PlyCount "77"]
[EventDate "2003.04.??"]
[EventType "swiss"]
[EventRounds "9"]
[EventCountry "GER"]
[SourceTitle "EXT 2006"]
[Source "ChessBase"]
[SourceDate "2005.11.24"]
[SourceVersion "1"]
[SourceVersionDate "2005.11.24"]
[SourceQuality "1"]

1. d4 d5 2. Nf3 Nf6 3. c4 e6 4. Nc3 c6 5. cxd5 exd5 6. Bg5 Be7 7. e3 Nbd7 8. Bd3 0-0 9. 0-0 Re8 10. Rc1 Nf8 11. h3 Ne6 12. Bh4 g6 13. Na4 Ng7 14. Nc5 Ne4 15. Bxe7 Qxe7 16. Re1 h6 17. Re2 Nf5 18. Bxe4 dxe4 19. Ne5 Nd6 20. a4 Be6 21. Rec2 Bd5 22. Rc3 f6 23. Ng4 h5 24. Nh2 Qf7 25. Nf1 a5 26. Nd2 f5 27. Qe2 Kg7 28. f3 b6 29. Ncb3 f4 30. Rxc6 Bxc6 31. Rxc6 exf3 32. Qd1 fxe3 33. Nxf3 e2 34. Qe1 Qxb3 35. Rxd6 Qe3+ 36. Kh1 Rac8 37. Qg3 e1Q+ 38. Nxe1 Qxe1+ 39. Qxe1 0-1

[Event "Wch Seniors 12th"]
[Site "Naumburg"]
[Date "2002.10.24"]
[Round "4"]
[White "Mann, Klaus Dieter"]
[Black "Roth, Karlheinz"]
[Result "1-0"]
[WhiteElo "1979"]
[BlackElo "1632"]
[PlyCount "67"]
[EventDate "2002.10.21"]
[EventType "swiss"]
[EventRounds "11"]
[EventCountry "GER"]
[SourceTitle "EXT 2006"]
[Source "ChessBase"]
[SourceDate "2005.11.24"]
[SourceVersion "1"]
[SourceVersionDate "2005.11.24"]
[SourceQuality "1"]

1. e4 c5 2. Nf3 d6 3. d4 cxd4 4. Nxd4 Nf6 5. Nc3 e6 6. Be2 Be7 7. 0-0 Bd7 8. f4 Nc6 9. Kh1 0-0 10. Be3 a6 11. a4 Rc8 12. Nb3 Na5 13. Nd2 Qc7 14. Bd3 Nc6 15. Nc4 Nb4 16. Nb6 Rce8 17. Nxd7 Nxd7 18. Qe2 Nxd3 19. cxd3 Rc8 20. Rf3 Qa5 21. Qd1 Qb4 22. Rf2 Rc6 23. d4 Rc4 24. a5 b5 25. axb6 Qxb6 26. Qe2 Rfc8 27. f5 Qb7 28. fxe6 fxe6 29. Qg4 Nf8 30. Raf1 Re8 31. Rf7 Qc8 32. Qf3 Rc7 33. Rxg7+ Kh8 34. Qf7 1-0

[Event "Wch Seniors 12th"]
[Site "Naumburg"]
[Date "2002.10.22"]
[Round "2"]
[White "Dietze, Otto"]
[Black "Roth, Karlheinz"]
[Result "1/2-1/2"]
[WhiteElo "2126"]
[BlackElo "1632"]
[PlyCount "41"]
[EventDate "2002.10.21"]
[EventType "swiss"]
[EventRounds "11"]
[EventCountry "GER"]
[SourceTitle "EXT 2006"]
[Source "ChessBase"]
[SourceDate "2005.11.24"]
[SourceVersion "1"]
[SourceVersionDate "2005.11.24"]
[SourceQuality "1"]

1. e4 c5 2. Nf3 d6 3. d4 cxd4 4. Nxd4 Nf6 5. Nc3 a6 6. Bc4 e6 7. 0-0 Qc7 8. Bb3 Bd7 9. Re1 Be7 10. Bg5 Nc6 11. Kh1 h6 12. Bh4 0-0 13. f4 Na5 14. e5 Nxb3 15. axb3 dxe5 16. fxe5 g5 17. exf6 Bxf6 18. Ne4 Be7 19. Qh5 Qf4 20. Nf3 f6 21. Qg6+ 1/2-1/2